CRY, THE PEACOCK (Record no. 9452)

MARC details
000 -LEADER
fixed length control field 00393nam a22001577a 4500
003 - CONTROL NUMBER IDENTIFIER
control field SGT
020 ## - INTERNATIONAL STANDARD BOOK NUMBER
International Standard Book Number 9788175813021
082 ## - DEWEY DECIMAL CLASSIFICATION NUMBER
Classification number 823,DES
100 ## - MAIN ENTRY--PERSONAL NAME
Personal name ANITA DESAI
245 ## - TITLE STATEMENT
Title CRY, THE PEACOCK
260 ## - PUBLICATION, DISTRIBUTION, ETC. (IMPRINT)
Place of publication, distribution, etc NEW DELHI
Name of publisher, distributor, etc RAMA BROTHERS INDIA
Year of Publication 2010
300 ## - PAGE DESCRIPTION
No. of Pages 176
650 ## - SUBJECT ADDED ENTRY--TOPICAL TERM
Topical term or geographic name as entry element ENGLISH FICTION
653 ## - KEYWORDS--INDEX TERM
Keyword term LIFE AND WORKS, A CRITICAL SURVEY OF ANITA DESAI,S NOVELS
942 ## - ADDED ENTRY ELEMENTS (KOHA)
Source of classification or shelving scheme Dewey Decimal Classification
Koha item type FCM Books
Holdings
Withdrawn status Lost status Source of classification or shelving scheme Damaged status Not for loan Collection code Home library Current library Shelving location Date acquired Vendor Name SGTU Full call number Accession No. (Barcode) Date last seen Bill Date Koha item type
    Dewey Decimal Classification   Not For Loan COMMERCE MANAGEMENT SGT Science & Social Sciences Library SGT Science & Social Sciences Library Reference Book 04/07/2016 GIFT SGTU 823,DES CM1254 04/07/2016 04/07/2016 FCM Books